[Event "10th Edmonton GM 2015"]
[Site "Edmonton CAN"]
[Date "2015.06.27"]
[Round "8.4"]
[White "Gardner, Robert"]
[Black "Shankland, Samuel L"]
[Result "0-1"]
[BlackTitle "GM"]
[WhiteElo "2133"]
[BlackElo "2656"]
[WhiteFideId "2601524"]
[BlackFideId "2004887"]
[EventDate "2015.06.20"]

1. d4 Nf6 2. c4 e6 3. Nc3 Bb4 4. e3 O-O 5. Ne2 c6 6. a3 Ba5 7. Ng3 d5 8. Bd3
dxc4 9. Bxc4 c5 10. O-O cxd4 11. exd4 Nc6 12. Be3 Bb6 13. Nce2 Ng4 14. Qd3 Qh4
15. h3 Nce5 16. dxe5 Nxe5 17. Qc3 Nxc4 18. Bxb6 Nxb6 19. Rfd1 Nd5 20. Qc5 b6 21.
Qc6 Ba6 22. Rd4 Qe7 23. Rxd5 exd5 24. Nf4 Rac8 25. Nxd5 Qd8 0-1